| 000 | 00622cam a22002051 4500 | ||
|---|---|---|---|
| 001 | sa 64007908 | ||
| 003 | DLC | ||
| 005 | 20260227112050.0 | ||
| 008 | 890913s1962 io 000 0 ind | ||
| 010 | _asa 64007908 | ||
| 035 | _a(OCoLC)23536613 | ||
| 040 |
_aDLC _cMiU _dDLC |
||
| 042 | _apremarc | ||
| 050 | 0 | 0 |
_aDS644.2.1962 _b.S957 |
| 100 | 0 |
_aSoekarno, _d1901-1970. |
|
| 245 | 1 | 0 |
_aTidak ada bangsa jang besar tanpa perbuatan; _bamanat pada Hari Ibu tgl. 22 Des. 1961 di Istana Negara. |
| 260 |
_a[Djakarta] _bDepartemen Penerangan _c[cover 1962] |
||
| 300 |
_a15 p. _c21 cm. |
||
| 500 | _a"Penerbitan chusus, 193." | ||
| 999 |
_c60580 _d60580 |
||